000 01365cam a2200337 a 4500
999 _c3089
_d3089
001 3576002
003 GZU
005 20201117100205.0
008 990326s2000 mau b 001 0 eng
010 _a 99027906
020 _a0256241163 (alk. paper)
040 _aDLC
_cDLC
_dDLC
050 0 0 _aHD58.8
_b.ORG 2000
082 0 0 _a658.4/06
_221
245 0 0 _aOrganization development and transformation :
_bmanaging effective change /
_cedited by Wendell L. French, Cecil H. Bell, Jr., Robert A. Zawacki.
250 _a5th ed.
260 _aBoston :
_bIrwin/McGraw-Hill,
_cc2000.
300 _axiii, 546 p. ;
_c24 cm.
504 _aIncludes bibliographical references and index.
650 0 _aOrganizational change.
700 1 _aFrench, Wendell L.,
_d1923-
700 1 _aBell, Cecil,
_d1935-
700 1 _aZawacki, Robert A.
856 4 2 _3Contributor biographical information
_uhttp://www.loc.gov/catdir/bios/mh042/99027906.html
856 4 2 _3Publisher description
_uhttp://www.loc.gov/catdir/description/mh023/99027906.html
856 4 1 _3Table of contents
_uhttp://www.loc.gov/catdir/toc/mh023/99027906.html
906 _a7
_bcbc
_corignew
_d1
_eocip
_f19
_gy-gencatlg
942 _2lcc
_cBK
_h58.8
_iORG
_kHD